00481cam a2200157 a 4500020003600000040000800036082002600044100002400070245005900094260003500153300003100188500004000219650002600259650002000285650001800305 a0471190241 (cloth : alk. paper) cDLC00a664 1997 BJS C142 Or.1 aBraddock, Robert J.10aHandbook of citrus by-products processing technology / aNew York :bJohn Wiley,cc1999 ax, 247 p. :bill. ;c25 cm a"A Wiley-interscience publication." 0aCitrus fruit industry 0aCitrus products 0aCitrus juices